000 00627nam a2200217Ia 4500
003 OSt
005 20250902151358.0
008 220926b |||||||| |||| 00| 0 eng d
037 _cReference
040 _aRTL
_cRTL
_beng
041 _2eng
_aeng
084 _aLxN15:g L9/SC
_qRTL
100 _aMedawar, P. B.
_9371039
245 0 _aAdvice to young scientist
260 _aLondon
_bPan Books
_c1981
300 _axiii, 109 p.
_bIncludes bibliographical reference and index
650 _aMedicine
650 _aPhysics
942 _hLxN15:g L9/SC
_cREF
_2CC
_n0
999 _c691283
_d691283